Prentice hall's train and assess IT generation : Train and assess IT for microsoft office 2003

Na minha lista:
Detalhes bibliográficos
Formato: Livro
Idioma:Undetermined
Publicado em: New York Prentice hall 2005
Assuntos:
Tags: Adicionar Tag
Sem tags, seja o primeiro a adicionar uma tag!
Thư viện lưu trữ: Trung tâm Học liệu Trường Đại học Cần Thơ
LEADER 00586nam a2200193Ia 4500
001 CTU_100763
008 210402s9999 xx 000 0 und d
020 |c 120000 
082 |a 005.14 
082 |b P927/CD.1 
245 0 |a Prentice hall's train and assess IT generation : 
245 0 |b Train and assess IT for microsoft office 2003 
260 |a New York 
260 |b Prentice hall 
260 |c 2005 
650 |a Information technic 
650 |x Evaluation 
910 |a Đĩa kèm theo sách: AV.000575, AV.000579 
980 |a Trung tâm Học liệu Trường Đại học Cần Thơ